| 000 | 00645nam a2200217 a 4500 | ||
|---|---|---|---|
| 001 | 000021322 | ||
| 005 | 20200930011309.0 | ||
| 008 | 100906s2005 cu 000 f spa d | ||
| 020 | _a959100706X | ||
| 040 |
_aDO-SdBNP _bspa _cBNPHU |
||
| 082 |
_aCu863.2 _bV727c |
||
| 100 | 1 |
_aVillaverde, Cirilo, _d1812-1894 _92315 |
|
| 245 | 1 | 0 |
_aCecilia Valdés / _cCirilo Villaverde. |
| 260 |
_aLa Habana : _bLetras Cubanas, _c2005. |
||
| 300 |
_a503 p. ; _c20 cm. |
||
| 500 | _aIncluye notas al pie de las páginas | ||
| 650 | 4 |
_aNovela cubana _92316 |
|
| 650 | 4 |
_aLiteratura cubana _91483 |
|
| 910 | _aValidado. Control de calidad MFF | ||
| 049 | _aBNGR | ||
| 999 |
_c20822 _d20822 |
||